Mestizajes tecnológicos y cambios culturales en México /

保存先:
書誌詳細
団体著者: Seminario sobre el Mestizaje Tecnológico en México ( Centro de Investigaciones y Estudios Superiores en Antropología Social)
その他の著者: Florescano, Enrique (coordinación) (coordinación), García Acosta, Virginia (coordinación) (coordinación)
フォーマット: 会議録 図書
言語:スペイン語
出版事項: México : CIESAS : Miguel Angel Porrúa, 2004, c2004
主題:
タグ: タグ追加
タグなし, このレコードへの初めてのタグを付けませんか!

MARC

LEADER 00000nam^a2200000^a^4500
001 000169380
005 20250521000000.0
009 20260310101232.529
020 |a 970-701-463-6 
037 |a Acervo ITESO - Biblioteca 
041 |a ESP 
082 |a 306. 40972  |b SEM 1998 
111 |a Seminario sobre el Mestizaje Tecnológico en México (  |d 1998 :  |c Centro de Investigaciones y Estudios Superiores en Antropología Social) 
245 1 0 |a Mestizajes tecnológicos y cambios culturales en México /  |c Seminario sobre el Mestizaje Tecnológico en México ; coord. de E. Florescano, V. García Acosta. 
264 4 |a México :  |b CIESAS :  |b Miguel Angel Porrúa,  |c 2004, c2004 
300 |a 346 p. 
336 |a texto  |b txt  |2 rdacontenido 
337 |a sin mediación  |b n  |2 rdamedio 
338 |a volumen  |b nc  |2 rdasoporte 
649 |a XX 
650 |a Relaciones de Producción -  |z México 
650 |a Desarrollo Tecnológico -  |z México 
650 |a Tecnología y Sociedad -  |z México 
650 |a Organización Social -  |z México 
650 |a Adaptación Social -  |z México 
650 |a Vida Cotidiana -  |z México 
650 |a Prácticas Culturales -  |z México 
650 |a Diversidad Cultural -  |z México 
650 |a Cambios Sociales y Culturales -  |z México 
650 |a Cultura -  |z México 
650 |a Sociología de la Cultura 
650 |a Sociología de la Economía 
650 |a Sociología 
700 |a Florescano, Enrique  |e (coordinación) 
700 |a García Acosta, Virginia  |e (coordinación) 
910 |a Fondo General 
920 |a Impresos - Libros 
930 |a Colección General 
905 |a 101 
901 |a 0500106269  |b IT1  |c ACC  |u 20250521 
902 |a https://opac.biblio.iteso.mx/vufind/Record/000169380